Could you pass as a boy Quiz Stats

 Plays Quiz not verified by Sporcle

Support Sporcle.
Go Orange.
Score 0/7 Timer 02:00
0 Plays Today
Answer % Correct
Hair Gel
94.2%
Tie
93%
Pokemon
79.1%
Xbox
79.1%
Cologne
46.5%
Blazer
40.7%
Roblox
10.5%

You're not logged in!

Compare scores with friends on all Sporcle quizzes.
OR
Log In

From the Vault

Franchise Films II

by DarkPhalanx

There are so many film franchises there's just no reason to make an original movie anymore.
Remove Ads.
Support Sporcle.
Get the best of Sporcle when you Go Orange. This ad-free experience offers more features, more stats, and more fun while also helping to support Sporcle. Thank you for becoming a member.

Show Comments

Extras

Created Nov 24, 2017ReportNominate
Tags:Boy, girl

Top Quizzes Today


Score Distribution

Your Account Isn't Verified!

In order to create a playlist on Sporcle, you need to verify the email address you used during registration. Go to your Sporcle Settings to finish the process.

Report this User

Report this user for behavior that violates our Community Guidelines.

Details: